00829cam a22002411 450000100060000000300080000600500170001400800410003103500190007203500190009104000450011004100080015508200250016324501060018826000400029430000290033450400290036350500940039265000170048665000250050365000240052870000350055229923BD-RjUL20211209051501.0140408s1960 enka b 000 0 eng  a(BD-RjUL)30008 a(OCoLC)1416195 aDLCcFJUNFdOCoLCdUkdDLCdBD-RjULbeng aeng 4a615.78bEXP V-1 196010aExperiments in personality /cedited by H J Eysenck.nv. 1 :p Psychogenetics and psychopharmacology. aLondon :bRoutledge & Paul,cc1960. a2 v. :billus. ;c23 cm. aIncludes bibliographies.0 av. 1. Psychogenetics and psychopharmacology.--v. 2. Psychodiagnostics and psychodynamics. 0aPersonality. 0aClinical psychology. 0aPsychopharmacology.1 aEysenck, H. J.q(Hans Jurgen),